Cat Breeds - Sudden Death - Statistics

General Stats
  • This quiz has been taken 768 times
  • The average score is 10 of 16
Answers on the Grid
Answers color-coded by a green-red scale on the quiz's grid according to % correct below.
Aberdeen Angus
Abyssinian
Balinese
Belted Galloway
Bengal
Burmese
Charollais
Chartreux
Cornish Rex
Dachshund
Egyptian Mau
Holstein Friesian
Leghorn
Lionhead
Lipizzaner
Lorikeet
Maine Coon
Manx
Merino
Ocicat
Percheron
Persian
Ragdoll
Russian Blue
Saint Bernard
Siamese
SIlkie
Simmental
Singapura
Sphynx
Suffolk Punch
Tamworth
 
Answer Stats
Answer % Correct
Siamese
89%
Persian
84%
Maine Coon
79%
Sphynx
79%
Bengal
75%
Russian Blue
70%
Ragdoll
67%
Burmese
66%
Manx
66%
Egyptian Mau
61%
Abyssinian
59%
Balinese
43%
Cornish Rex
43%
Ocicat
35%
Singapura
22%
Chartreux
20%
No matching quizzes found
Score Distribution
Percent of People with Each Score
Percentile by Number Answered
Your Score History
You have not taken this quiz